000 01251nam a22002057a 4500
999 _c61580
_d61580
003 Ge_BSU
005 20240326121119.0
008 240326s2013 ge ||||| |||| 00| 0 geo d
020 _a15120694
041 _ageo
080 _a008 (09) კ-89
245 _aკულტურის ისტორიისა და თეორიის საკითხები = Issues Of History And Theory Of Culture:
_b XXXIII აღმოსავლური კრებული /
_cმთ.რედ. გურამ ლორთქიფანიძე, რედ. მარიკა მშვილდაძე
264 _aთბილისი:
_c2013.
300 _a142 გვ.:
_b19 სმ.
653 _aკულტურის ისტორია.
700 _a ლორთქიფანიძე, გურამ
_eმთავარი რედაქტორი
_921588
700 _aმშვილდაძე, მარიკა
_eრედაქტორი
_915413
710 _aივანე ჯავახიშვილის სახელობის თბილისის სახელმწიფო უნივერსიტეტი, ისრაელის ცენტრი
_921589
942 _2udc
_cBK